Statistics for Rules of the Internet

Click here to take the quiz!

General Stats

  • This quiz has been taken 33 times
  • The average score is 7 of 24

Answer Stats

HintAnswer% Correct
#3We are {Anonymous}
89%
#4Anonymous is {legion}
59%
#34There is {porn} of it. No exceptions
56%
#37You {can not} divide by zero
52%
#12Anything you say can and will be {used against you}
41%
#29In the internet all girls are {men} and ...
33%
#21{Original} content is {original} only for a few seconds before getting old
30%
#8There are no real rules about {posting}
30%
#29... and all kids are {undercover FBI agents}
26%
#7Anonymous is still able to {deliver}
26%
#24Every {repost} is a {repost} of a {repost}
26%
#30There are NO {girls} on the internet
26%
#17Every win {fails} eventually
22%
#20{Nothing} is to be takien seriously
22%
#47The {pool} is always closed
22%
#39{CAPSLOCK} IS CRUISE CONTROL FOR COOL
19%
#42{Nothing} is Sacred
19%
#9There are no real rules about {moderation} either
19%
#32You must have {pictures} to prove your statement
19%
#23{Copypasta} is made to ruin every last bit of originality
15%
#22{Copypasta} is made to ruin every last bit of originality
15%
#33{Lurk} moar; it's never enough
15%
#43The more beautiful and pure a thing is, the more satisfying it is to {corrupt} it
15%
#27Always question a person's {sexual preferences} without any real reason
11%

Score Distribution

Percentile by Number Answered

Percent of People with Each Score

Your Score History

You have not taken this quiz